000 00331 a2200157 4500
001 183158
020 _a
040 _cMagnum
100 _aRochefort, Christiane
240 1 0 _aO repouso do guerreiro
_lpor
245 1 0 _aO repouso do guerreiro
300 _a248
362 0 _a1980
697 _aLITERATURA GERAL
942 _cBK
999 _c183158
_d183158